Réponse en une seule lettre #1 - Statistiques

Statistiques générales
  • Ce quiz a été pris 743 fois
    681 depuis la dernière actualisation
  • Le résultat moyen est 8 sur 20
Statistiques - réponses
Indice Réponse % Correct
Si vous ne trouvez pas la réponse à cette question, passez au plan … B
98%
Ctrl + _ pour annuler la dernière action Z
72%
Marque du pluriel… en italien ;-) I
66%
Doublée, cette lettre est interdite en France dans les immatriculations S
59%
Racine carré de (-1) I
52%
Roman érotique de Pauline Réage, Histoire d'_ O
51%
Prestigieuse école d'ingénieur française X
49%
Plus rare lettre en Français K
48%
Si vous doublez cette lettre, vous avez le nom d'un petit fleuve français bien connu des cruciverbistes A
42%
Différencie l'homme de la femme Y
39%
Que la force soit avec toi ! (Unité de mesure de la force dans le SI) N
38%
Signe de la main pour célébrer une réussite V
37%
Lettre peinte sur les chars russes envahissant l'ukraine devenu un symbole des patriotes russes en faveur de cette guerre Z
35%
Cette zone du corps est appelé d'après la première lettre de ce médecin allemand que l'a identifié chez la moitié de la population G
29%
6 juin 1944 J
28%
Impossible d'aller plus vite C
25%
14 en héxadecimal E
20%
E est à O ce que _ est à S N
20%
Comme le chantait Renaud, la môme du huitième, le _, elle aime H
16%
En photographie, indique la valeur de l'ouverture du diaphragme F
14%
Aucun quiz correspondant
Distribution des résultats
% des personnes avec chaque résultat
Percentile par nombre de réponses
Votre historique - résultats
Vous n’avez pas pris ce quiz depuis la dernière actualisation